Open Data Biblioteca Nacional de Portugal


República Portuguesa: Ministério da Cultura
Biblioteca Nacional de Portugal

Catálogo da BNP: acesso por Identificadores Unívocos
Registos Bibliográficos associados ao registo de autoridade

Etiqueta de registo: 00254nam 2200025 450
001 2281127
003 http://id.bnportugal.gov.pt/bib/catbnp/2281127
100 ## $a20260317d2025 k y0pory01030103ba
101 0# $aeng$dpor
102 ## $aPT
105 ## $aa m 000yy
106 ## $ar
200 1# $aGround-level ozone air pollution, health impacts, and traffic sustainability$fAngelo Roldão Soares$gorient. Carla Alexandra Monteiro da Silva
210 #9 $aLisboa$c[s.n.],$d2025
215 ## $a[2] f., XX, 209 p.$cil.$d30 cm$ecurrículum vitae
328 #1 $aTese dout. Sistemas Sustentáveis de Energia, Faculdade de Ciências da Universidade de Lisboa, 2025
675 ## $a620.92(043)$vBN$zpor$31245073
675 ## $a504.5(469.121+469.322+469.411)(043)$vBN$zpor$31995663
700 #1 $aSoares,$bAngelo Roldão$31991965
702 #1 $aSilva,$bCarla Alexandra Monteiro da$4727$31305481
801 #0 $aPT$bBN$gRPC
966 ## $lBN$mFGMON$sS.A. 193583 V.$x1
971 ## $cabrito$d20260317
972 ## $e0$z0$d20260417$vasantos
973 ## $cmlsousa$d20260414

OpendataBNP@bnportugal.pt | Mais informação sobre acesso aos dados BNP